000 00582nam a2200193Ia 4500
005 20250326144909.0
008 250326s9999 xx 000 0 und d
020 _a81-203-2821-3
037 _aTextbook
040 _aFMSL
_beng
_cFMSL
041 _aeng
_2eng
084 _aX:89Q8 P5
_qFMSL
100 _aSummers D C S
_9746956
245 0 _aQuality management: creating and sustaining organizational Effectiveness
_cSummers D C S
260 _aNew Delhi
_bNew Delhi, Prentice-Hall
_c2005
300 _a409p
942 _cTB
_hX:89Q8 P5
999 _c1305518
_d1305518